|
|
|
|
| LEADER |
00000nab a2200000 a 4500 |
| 001 |
vtls009623779 |
| 003 |
SK-MaSNL |
| 005 |
20260305010611.0 |
| 008 |
250507c2009 xo |||||| a ||00 b|slo |
| 015 |
|
|
|a SNBRB2009/07
|2 snkbucl
|
| 035 |
|
|
|a (uuid)86309e9b-eb16-4e48-ae97-5402002ad65f
|
| 035 |
|
|
|a urn:nbn:sk:snk-ab2om0
|
| 035 |
|
|
|a (urnnbn)urn:nbn:sk:snk:ar-a02pdh
|
| 038 |
|
|
|a SNKBUCL
|
| 040 |
|
|
|a SNKBUCL
|b slo
|c SNKBUCL
|e AACR2
|
| 041 |
0 |
|
|a slo
|
| 044 |
|
|
|a xo
|c SK
|
| 080 |
|
|
|a 069.41
|x (437.6)
|2 2001
|
| 080 |
|
|
|a 069.51
|2 2001
|
| 080 |
|
|
|a 069.5:002.1
|2 2001
|
| 100 |
1 |
|
|a Janovíčková, Marta,
|d 1953-
|4 aut
|9 155743
|
| 245 |
1 |
0 |
|a Nastal čas prehodnotiť akvizičnú činnosť
|c Marta Janovíčková
|
| 300 |
|
|
|b Fotogr.
|
| 546 |
|
|
|a Abstrakt angl.
|
| 610 |
2 |
7 |
|a Múzeum mesta Bratislavy
|2 snkbucl
|9 177629
|
| 650 |
0 |
7 |
|a doplňovanie múzejných zbierok
|2 snkbucl
|9 113038
|
| 650 |
0 |
7 |
|a zbierkové predmety
|2 SNKPH
|9 30269
|
| 650 |
0 |
7 |
|a múzejná dokumentácia
|2 SNKPH
|9 84484
|
| 773 |
0 |
|
|t Múzeum
|g Roč. LV, č. 1 (2009), s. 6-7
|x 0027-5263
|
| 850 |
|
|
|a Slovenská národná knižnica
|
| 852 |
|
|
|a Slovenská národná knižnica
|
| 954 |
|
|
|a odborná, vedecká literatúra pôvodná (slovenská)
|2 lita
|
| 958 |
|
|
|a article27
|
| 958 |
|
|
|a OND
|
| 958 |
|
|
|a EUIPO
|
| 999 |
|
|
|c 3247549
|d 3249479
|